| 000 | 00390nam a22001457a 4500 | ||
|---|---|---|---|
| 082 |
_a973.7 _bHAR |
||
| 100 |
_aHart, B.H.Liddell _946426 |
||
| 245 |
_aSherman _cB.H.Liddell Hart |
||
| 260 |
_aLondon _bEyre and Spottiswoode _c1933 |
||
| 300 | _a473 p.: | ||
| 526 |
_a0 _b0 _c0 _d973_700000000000000_HAR |
||
| 526 |
_a0 _b0 _c0 _d973_700000000000000_HAR |
||
| 650 |
_aMCE _9379 |
||
| 942 |
_2ddc _cBK |
||
| 999 |
_c552956 _d552956 |
||